书目信息 |
| 题名: |
实用化学品配方手册
|
|
| 作者: | 许建光 , 刘相中 编著 | |
| 分册: | 一 | |
| 出版信息: | 成都 四川科学技术出版社 1987 |
|
| 页数: | 256页 | |
| 开本: | 19cm | |
| 丛书名: | 精细化工丛书 | |
| 单 册: | ||
| 中图分类: | TQ072-62 | |
| 科图分类: | ||
| 主题词: | 化工产品-配方--手册 , 配方-化工产品--手册 | |
| 电子资源: | ||
| ISBN: | 7-5364-0081-0 | |
| 000 | 00835nam2 2200277 45 | |
| 001 | 0187007629 | |
| 005 | 20070721105045.14 | |
| 010 | @a7-5364-0081-0@dCNY2.10 | |
| 100 | @a19900903d1987 emky0chiy0121 ea | |
| 101 | 0 | @achi |
| 102 | @aCN@b510000 | |
| 105 | @ay z 000yy | |
| 200 | 10 | @a实用化学品配方手册@Ashi yong hua xue pin pei fang shou ce@h一@f许建光, 刘相中编著 |
| 210 | @a成都@c四川科学技术出版社@d1987 | |
| 215 | @a256页@d19cm | |
| 225 | 2 | @a精细化工丛书 |
| 410 | 0 | @120010@a精细化工丛书 |
| 517 | 1 | @a化学品配方手册@Ahua xue pin pei fang shou ce |
| 606 | @a化工产品-配方@x手册 | |
| 606 | @a配方-化工产品@x手册 | |
| 690 | @aTQ072-62@v3 | |
| 701 | 0 | @a许建光@Axu jian guang@4编著 |
| 701 | 0 | @a刘相中@Aliu xiang zhong@4编著 |
| 801 | 2 | @aCN@bNLC@c20070721 |
| 801 | 0 | @aCN@bTSSF |
| 905 | @a10447@dTQ072-62@e162:1 | |
| 实用化学品配方手册.一/许建光, 刘相中编著.-成都:四川科学技术出版社,1987 |
| 256页;19cm.-(精细化工丛书) |
| ISBN 7-5364-0081-0:CNY2.10 |
| ● |
| 相关链接 |
|
|
|
|
正题名:实用化学品配方手册
索取号:TQ072-62/162:1
 
预约/预借
| 序号 | 登录号 | 条形码 | 馆藏地/架位号 | 状态 | 备注 |
| 1 | 0768045 | 207680455 | 第二样本阅览室/ [索取号:TQ072-62/162:1] | 在馆 |